Który profil na Instagramie ma więcej obserwujących? - Statystyki

Ogólne statystyki
  • Ten quiz został rozwiązany 1 110 razy
  • Średni wynik to 9 z 15
Statystyki odpowiedzi
Zagadnienie Odpowiedź % Poprawnych
Więcej - 103 tys Mniej - 63,7 tys Andrzej Duda
86%
Więcej - 226 mln Mniej - 146 mln Ariana Grande
84%
Więcej - 14,6 mln Mniej - 4 mln Mike Tyson
78%
Więcej - 191 mln Mniej - 174 mln Lionel Messi
75%
Więcej - 166 mln Mniej - 77,5 mln Justin Bieber
70%
Więcej - 389 tys. Mniej - 354 tys. Kamil Stoch
66%
Więcej - 39,5 mln Mniej -25 mln Conor McGregor
62%
Więcej - 388 tys Mniej - 259 tys Piotr Żyła
55%
Więcej - 31,8 mln Mniej - 24,4 mln Eminem
54%
Więcej - 41,6 mln Mniej - 15,1 mln Mohamed Salah
54%
Więcej - 51,5 mln Mniej - 23,4 mln Will Smith
54%
Więcej - 3,7 mln Mniej - 2 mln Pop Smoke
49%
Więcej - 1,2 mln Mniej - 1 mln Roksana Węgiel
35%
Więcej - 186 tys Mniej - 100 tys Mateusz Borek
28%
Więcej - 21,6 mln Mniej - 20,4 mln Lewis Hamilton
22%
Nie znaleziono quizów pasujących do podanych kryteriów
Rozkład punktacji
Procent ludzi z każdym wynikiem
Percentyl według liczby udzielonych odpowiedzi
Twoja historia wyników
Nie rozwiązałeś tego quizu